00459 2200181 4500001002100000008004100021035002000062245007300082100001600155250000600171260002900177300001200206084001400218082000800232650001300240990001200253990001200265INLIS000000000000778 ind  a0010-0524000013 aSukses dan Mandiri Belajar Matematika SMA / MA Kelas XIIcAbdul Azis aAzis, Abdul a1 aYogyakarta :bAndic2013 a180 hlm a510 ABD m a510 aNonFiksi a0740405 a0740406